000 00309nam a22001337a 4500
008 170620b xxu||||| |||| 00| 0 eng d
020 _a9780078259890
041 _aeng
080 _a338
100 _a20
101 _aSHP
245 _aCIVICS TODAY CITIZENSHIP ECONOMICS YOU
_cREMY.R.C
942 _2udc
_cBK
999 _c18323
_d18323